Statistics for "Transcontinental" Seas

Click here to take the quiz!

General Stats

  • This quiz has been taken 31 times
  • The average score is 9 of 15

Answer Stats

Answer% Correct
Mediterranean Sea
97%
Red Sea
97%
Bering Sea
93%
Black Sea
90%
Caribbean Sea
90%
Caspian Sea
73%
Aegean Sea
70%
Arabian Sea
53%
Sea of Marmara
50%
Greenland Sea
50%
Timor Sea
30%
Alboran Sea
27%
Arafura Sea
27%
Kara Sea
20%
Chukchi Sea
13%

Score Distribution

Percentile by Number Answered

Percent of People with Each Score

Your Score History

You have not taken this quiz